000 00303nam a2200121Ia 4500
008 190216s9999||||xx |||||||||||||| ||und||
100 _aTharakan K M
245 4 _aThe Silent Song An Anthology Of Verse
260 _bMacmillan India Ltd
_c1987
300 _a90p
650 _aEnglish Poetry
942 _cBK
999 _c13492
_d13492